| 000 | 00498cam a2200193ua 4500 | ||
|---|---|---|---|
| 001 | 1537 | ||
| 005 | 20260515113340.0 | ||
| 008 | 110711n ii |||gr||||Z||||||eng | ||
| 040 | _cMAIN | ||
| 082 | _a343.07450954 | ||
| 100 | 1 |
_aMathew, T, _eAuthor. |
|
| 245 | 1 |
_aRural development in india _cby T. Mathew |
|
| 250 | _a1st. | ||
| 260 |
_aNew Delhi: _bAgricole Publishing Academy,981. |
||
| 300 |
_a199p: _bill; _c23cm. |
||
| 653 | _aEconomics | ||
| 653 | _aRural development in india | ||
| 942 | _cBK | ||
| 999 |
_c1425 _d1425 |
||